| 000 | 00736nam a2200229Ia 4500 | ||
|---|---|---|---|
| 003 | OSt | ||
| 005 | 20220207155115.0 | ||
| 008 | 210716s2006 xx 000 0 und d | ||
| 020 | _a8120329511 | ||
| 040 | _cAIMIT LIBRARY | ||
| 041 | _aeng | ||
| 082 |
_a658.4 _21 _bMINJ |
||
| 100 |
_aMiner, John B. _917337 |
||
| 245 |
_aOrganizational behavior 1 : _bessential theories of motivation and leadership / _cBy John B Miner. |
||
| 250 | _a1st ed. | ||
| 260 |
_aNew Delhi : _bPrentice Hall of India PVt Ltdb , _c2006. |
||
| 300 |
_axiv, 416p ; _c23cm. |
||
| 650 |
_aScientific inteoduction _917338 |
||
| 650 |
_aTheories of leadership Scientific _917339 |
||
| 650 |
_aTheories of motivation _917340 |
||
| 942 |
_2ddc _cBK _e1st _k658.4 MINJ |
||
| 999 |
_c201483 _d201483 |
||